000 01162cam a2200373 4500
001 360
003 DO-SdBNP
005 20231002125038.0
007 360
008 081021s2003 sp | |||| 000 0 spa
017 _a
_b
020 _a846630388X
035 _a
040 _aBPMSU
_bspa
_cBPMSU
_e
080 _a
082 4 _a861.5
_bB398r 2003
_222
100 1 _aLópez Robles, Marta
245 1 0 _aRimas y Leyendas /
_cGustavo Adolfo Bécquer,
_b
250 _a2a ed. anotada y comentada
260 _aBarcelona :
_bSantillana Ediciones Generales S. L. ,
_c2003.
300 _a281 p. ;
_c20 cm.
490 0 _a Punto de lectura
_v300/2
590 _aInventariado,.2023/VM
600 1 4 _aBécquer, Gustavo Adolfo,
_d1836-1870
_xCrítica e interpretación.
650 4 _aPoesías españolas
_x
_2
650 4 _aLeyendas españolas
650 4 _aRimas españolas
700 1 _aBécquer, Gustavo Adolfo
_d1836-1870
_t
700 1 _aBécquer, Gustavo Adolfo
_d1836-1870
_tLeyendas
700 1 _aFortuny, Joan
_d1944-
700 1 _aMartí, Salvador
_qMartí Raull
910 _aVMateo V. Control de calidad. BPMSU
942 _2ddc
_cBK
999 _c10982
_d10982